Новые функционализированные кремнийорганические соединения на основе октавинилсилсесквиоксана; Химия и химическая технология в XXI веке

Bibliografiske detaljer
Parent link:Химия и химическая технология в XXI веке.— 2018.— [С. 246-247]
Hovedforfatter: Шаршина Е. А.
Institution som forfatter: Дальневосточный федеральный универститет (ДВФУ)
Andre forfattere: Карпова Е. И., Тутов М. В.
Summary:Заглавие с экрана
Sprog:russisk
Udgivet: 2018
Serier:Химия и химическая технология органических веществ и материалов
Fag:
Online adgang:http://earchive.tpu.ru/handle/11683/49714
Format: MixedMaterials Electronisk Book Chapter
KOHA link:https://koha.lib.tpu.ru/cgi-bin/koha/opac-detail.pl?biblionumber=626876

MARC

LEADER 00000naa2a2200000 4500
001 626876
005 20231101133431.0
035 |a (RuTPU)RU\TPU\conf\26530 
035 |a RU\TPU\conf\26529 
090 |a 626876 
100 |a 20180806d2018 k y0rusy50 ca 
101 0 |a rus 
102 |a RU 
105 |a y z 101zy 
135 |a drgn ---uucaa 
181 0 |a i  
182 0 |a b 
200 1 |a Новые функционализированные кремнийорганические соединения на основе октавинилсилсесквиоксана  |f Е. А. Шаршина, Е. И. Карпова, М. В. Тутов 
203 |a Текст  |c электронный 
225 1 |a Химия и химическая технология органических веществ и материалов 
230 |a 1 компьютерный файл (pdf; 840 Kb) 
300 |a Заглавие с экрана 
320 |a [Библиогр.: с. 247 (1 назв.)] 
463 0 |0 (RuTPU)RU\TPU\conf\26227  |t Химия и химическая технология в XXI веке  |o материалы XIX Международной научно-практической конференции студентов и молодых ученых имени профессора Л. П. Кулёва, 21-24 мая 2018 г., г. Томск  |f Национальный исследовательский Томский политехнический университет  |v [С. 246-247]  |d 2018 
610 1 |a электронный ресурс 
610 1 |a кремнийорганические соединения 
610 1 |a загрязненные воды 
610 1 |a загрязняющие вещества 
610 1 |a тяжелые металлы 
610 1 |a красители 
610 1 |a адсорбенты 
610 1 |a сорбционные материалы 
700 1 |a Шаршина  |b Е. А. 
701 1 |a Карпова  |b Е. И. 
701 1 |a Тутов  |b М. В. 
712 0 2 |a Дальневосточный федеральный универститет (ДВФУ)  |c (Владивосток)  |c (2008- )  |2 stltpush  |3 (RuTPU)RU\TPU\col\19571 
801 2 |a RU  |b 63413507  |c 20180821  |g RCR 
856 4 |u http://earchive.tpu.ru/handle/11683/49714 
942 |c BK